000 00283nam a22001337a 4500
008 170331b xxu||||| |||| 00| 0 eng d
020 _a0397505108
041 _aeng
080 _a617
100 _a8
101 _aSHM
245 _aTHE CERVICAL SPINE
_cBAILEY, R.W
942 _2udc
_cBK
999 _c9322
_d9322